Boletín de las leyes, y de las órdenes y decretos del gobierno
Gespeichert in:
| Format: | Buch |
|---|---|
| Sprache: | Spanisch |
| Veröffentlicht: |
Valparaíso
Mercurio
1849
|
| Schlagworte: | |
| Tags: |
Tag hinzufügen
Keine Tags, Fügen Sie den ersten Tag hinzu!
|
MARC
| LEADER | 00000nam a2200000 a 4500 | ||
|---|---|---|---|
| 001 | UCP9287 | ||
| 003 | CL-VaPUC | ||
| 008 | 000324e18490000CL |||||||||||||||||spa|d | ||
| 082 | 0 | 4 | |a 348.022 |b BOL |2 21 |
| 245 | 1 | 0 | |a Boletín de las leyes, y de las órdenes y decretos del gobierno |
| 300 | |a v | ||
| 942 | |c BK | ||
| 945 | |d 20000324 00:00:00 |a lriquelm | ||
| 260 | |a Valparaíso |b Mercurio |c 1849 | ||
| 500 | |a Comprende los libros 15 y 16 | ||
| 650 | 7 | |a DERECHO CHILENO SIGLO 19 |2 CL-VaPUC |9 439768 | |
| 650 | 0 | |a Fuentes del derecho |9 255162 | |
| 583 | |a last modification |c 20160829 12:28:04 |k Rodrigo Vera | ||
| 999 | |c 286115 |d 286113 | ||
| 952 | |0 0 |1 0 |4 0 |6 348_022000000000000_BOL_1849 |7 0 |8 X |9 331534 |a BIBHIS |b BIBHIS |d 2019-11-20 |h v.5 |i 2841177 |o 348.022 BOL 1849 |p 2841177 |r 2024-01-30 |w 2019-11-20 |y BK_X |k HIS | ||